Viejas y nuevas derechas religiosas en América Latina: los evangélicos como factor político /

Αποθηκεύτηκε σε:
Λεπτομέρειες βιβλιογραφικής εγγραφής
Κύριος συγγραφέας: Córdoba Villazón, Julio
Μορφή: Κείμενο
Γλώσσα:Spanish
Διαθέσιμο Online:texto completo desde el sitio de la revista
Ετικέτες: Προσθήκη ετικέτας
Δεν υπάρχουν, Καταχωρήστε ετικέτα πρώτοι!

MARC

LEADER 00000 a a2200000 04500
001 47277
003 cru CIDCACS/IIS
005 20191030100441.0
008 191028b ||||| |||| 00| 0 spa d
999 |c 21311  |d 21311 
040 |c cru CIDCACS/IIS 
100 |a Córdoba Villazón, Julio  
245 |a Viejas y nuevas derechas religiosas en América Latina:   |b los evangélicos como factor político /  |c Julio Córdova Villazón  
773 |g número254, (2014), páginas 112-123  
856 |u https://nuso.org/media/articles/downloads/4073_1.pdf  |y texto completo desde el sitio de la revista 
942 |2 ddc  |c PP 
773 0 |0 19022  |9 3678  |a Fundación Friedrich Ebert  |d Fundación Friedrich Ebert; Nueva Sociedad  |o agregar código (254)  |t Nueva Sociedad /